00434nam a2200145 i 450000100060000000300090000600500170001500700030003200800410003510000210007624500980009726000500019530000220024585200210026740360ES-MaACL20230906160213.0t|030305s1888 fr ||||1| fre d1 aCarrau, Ludovic.13aLa philosopie religieuse en Anglaterre depuis Locke jusqu'a nos jours / cpar Ludovic Carrau. aParis : b[s.n., c1888] (fTours E. Arrault) a295 p. ; c22 cm. aES-MaACLjB-6233